000
00454nam a2200145Ia 4500
008
090124s9999 xx 000 0 und d
082
_b
400146
245
_a
शील हे कवच जीवनाचे !
250
_a
1
260
_b
ढेरे अरुणा रा.
_c
1975
300
_a
67
630
_a
शील हे कवच जीवनाचे !
730
_a
शील हे कवच जीवनाचे !
942
_c
BOOK
999
_c
196067
_d
196067